Clonal variation in leaf epicuticular waxes and reflectance: Possible role in drought tolerance in Hevea (Record no. 55744)

MARC details
000 -LEADER
fixed length control field 00605nam a2200205Ia 4500
100 ## - MAIN ENTRY--AUTHOR NAME
Personal name Rao G G
245 #0 - TITLE STATEMENT
Title Clonal variation in leaf epicuticular waxes and reflectance: Possible role in drought tolerance in Hevea
260 ## - PUBLICATION, DISTRIBUTION, ETC. (IMPRINT)
Name of publisher Indian Journal of Natural Rubber Research
Year of publication 1988
300 ## - PHYSICAL DESCRIPTION
Number of Pages 84-87
650 ## - SUBJECT ADDED ENTRY--TOPICAL TERM
Topical Term Clonal variation
650 ## - SUBJECT ADDED ENTRY--TOPICAL TERM
Topical Term Drought tolerance
650 ## - SUBJECT ADDED ENTRY--TOPICAL TERM
Topical Term Hevea brasiliensis
700 ## - ADDED ENTRY--PERSONAL NAME
Personal name Annamma Y
700 ## - ADDED ENTRY--PERSONAL NAME
Personal name Devakumar A S
700 ## - ADDED ENTRY--PERSONAL NAME
Personal name Rajagopal R
700 ## - ADDED ENTRY--PERSONAL NAME
Personal name Sethuraj M R
700 ## - ADDED ENTRY--PERSONAL NAME
Personal name Vijayakumar K R
942 ## - ADDED ENTRY ELEMENTS (KOHA)
Koha item type Journals
Holdings
Withdrawn status Lost status Damaged status Not for loan Home library Current library Date acquired Serial Enumeration / chronology Koha item type
      Journals RRII Library RRII Library 17/12/2021 Volume 1, Issue 2 Journals